| 000 | 00887cam a2200277 4500 | ||
|---|---|---|---|
| 999 |
_c18161 _d18161 |
||
| 001 | 3715253 | ||
| 003 | BDDh-ASL | ||
| 005 | 20231015025705.0 | ||
| 008 | 710505s1826 enk b 001 0 eng | ||
| 010 | _a 79913970 | ||
| 040 |
_aDLC _cDLC _dBDDh-ASL |
||
| 043 | _aa-ii--- | ||
| 050 | 0 | 0 |
_aDS463 _b.M227 1970 |
| 082 |
_a954..82 _bMAP |
||
| 100 | 1 |
_aMalcolm, John, _d1769-1833. |
|
| 245 | 1 | 4 |
_aThe political history of India, 1784 to 1823, Vol. - 2 / _cby Major-General Sir John Malcolm. |
| 260 |
_aLondon : _bJohn Murray, Albemarle-Street, _cMDCCCXXVI[1826]. |
||
| 300 |
_av-2, 324 p., ccccii : _c22 cm. |
||
| 350 | _aRs90.00 | ||
| 490 | 0 | _aAssociated reprints, 1 | |
| 500 | _aFirst published in 1826. | ||
| 651 | 0 |
_aIndia _xPolitics and government _y1765-1947. |
|
| 700 | 1 |
_aPanikkar, K. N., _eed. |
|
| 906 |
_a7 _bcbc _corignew _d4 _encip _f19 _gy-gencatlg |
||
| 942 |
_2ddc _cBK |
||